| 000 | 00735nam a22001577a 4500 | ||
|---|---|---|---|
| 003 | OSt | ||
| 005 | 20160225095745.0 | ||
| 008 | 160225b xxu||||| |||| 00| 0 eng d | ||
| 040 | _cRUA | ||
| 082 | _aAGR HOY 2014 B432 Or.1 | ||
| 100 |
_97456 _aHOY SAMPHANAT ; ហូយ សំផាណាក់ |
||
| 245 | _aComparison of cucmbera (cucumis sativus.l) varieties at crops station in royal university of agriculture, ការប្រៀបធៀបពូជដំណាំត្រសក់នៅស្ថានីយ៍ពិសោធន៍ដំណាំ នៃសាកលវិទ្យាល័យភូមិន្ទកសិកម្ម | ||
| 260 |
_aPhnom Penh _bRUA _c2014 |
||
| 300 |
_ax ;47p. _bill. _c29cm. |
||
| 942 |
_2ddc _cAGR |
||
| 999 |
_c7043 _d7043 |
||